000 01063cam a2200253 i 4500
003 SA-RiAUC
005 20250420134012.0
008 241124s1995 jo g f00000 ara c
040 _aSA-RiAUC
_bara
_cSA-RiAUC
_erda
043 _aa-jo---
082 0 4 _a346.56
090 _a346.56
_bس ر ط
100 1 _aالسرطاوي، محمود علي،
_d1943-
_eمؤلف.
245 1 0 _aشرح قانون الأحوال الشخصية الأردني /
_cتأليف محمود علي السرطاوي.
264 1 _aعمان، الأردن :
_bالجامعة الأردنية، عمادة البحث العلمي،
_c1995
300 _a2 مجلد (251 ؛ 358 صفحة ) ؛
_c24 سم
336 _aنص
_btxt
_2rdacontent
_3كتاب
337 _aبدون وسيط
_bn
_2rdamedia
338 _aمجلد
_bnc
_2rdacarrier
650 7 _aالأحوال الشخصية
_xقوانين وتشريعات
_zالأردن
_2aucsh
650 7 _aالزواج
_xقوانين وتشريعات
_zالأردن
_2aucsh
942 _2ddc
_cBOOK
_n0
949 _aSA-JeALM
_d241124
_umohamedma123
_n1
999 _c7225
_d7225